[Event "London Classic Open 2017"]
[Site "London ENG"]
[Date "2017.12.05"]
[Round "5.108"]
[White "Coote, Trevor D"]
[Black "Solli, Oddvar"]
[Result "1/2-1/2"]
[WhiteElo "2104"]
[BlackElo "1784"]
[WhiteFideId "410039"]
[BlackFideId "1501208"]
[EventDate "2017.12.02"]

1. d4 d5 2. e4 e6 3. Nc3 Nf6 4. Bg5 dxe4 5. f3 exf3 6. Nxf3 Be7 7. Qd2 Nbd7 8.
Bd3 O-O 9. O-O-O c5 10. Qe2 cxd4 11. Nxd4 Qb6 12. Nb3 Nc5 13. Rhf1 Nxd3+ 14.
Rxd3 Nd5 15. Rxd5 exd5 16. Bxe7 Re8 17. Bc5 Rxe2 18. Bxb6 Rxg2 19. Bc7 Be6 20.
Bg3 h5 21. Nd1 Rc8 22. Nd4 Bh3 23. Rh1 h4 24. Be1 Rg4 25. Bc3 Bg2 26. Re1 Rg6
27. Nf5 Kh7 28. Nxh4 Rg5 29. Nxg2 Rxg2 30. Ne3 Rxh2 31. Rg1 f6 32. Nxd5 Rc5 33.
Ne3 Rch5 34. Bd4 a6 35. b4 Rh1 36. Rxh1 Rxh1+ 37. Kd2 Kg6 38. a4 f5 39. Be5 Rh4
40. c3 f4 41. Nf1 Kf5 42. Bxg7 Rg4 43. Bd4 Rg2+ 44. Kd3 Kg4 45. a5 Ra2 46. Nd2
Ra1 47. Ke2 Rh1 48. Nf1 Rh7 49. Kf2 Rh3 50. Ke2 1/2-1/2

[Event "London Classic Open 2017"]
[Site "London ENG"]
[Date "2017.12.05"]
[Round "5.109"]
[White "Marentini, Marcel"]
[Black "Chilton, James I"]
[Result "1-0"]
[WhiteElo "2055"]
[BlackElo "1772"]
[WhiteFideId "1318730"]
[BlackFideId "423009"]
[EventDate "2017.12.02"]

1. Nf3 d5 2. g3 c5 3. Bg2 Nf6 4. O-O Bf5 5. c4 e6 6. d4 cxd4 7. Nxd4 Be4 8. Nf3
Nc6 9. Nc3 Be7 10. Qb3 O-O 11. Nxe4 Nxe4 12. cxd5 Nc5 13. Qc2 Qxd5 14. Be3 Nb4
15. Qb1 Qe4 16. Qxe4 Nxe4 17. Nd4 Nd6 18. Bd2 Nd5 19. Rad1 Nc4 20. Bc1 Rfd8 21.
Nb5 Ncb6 22. e4 Nb4 23. a3 Nd3 24. e5 Nxc1 25. Rxc1 Nd5 26. Bxd5 exd5 27. Rc7
Kf8 28. Rfc1 a6 29. Nd4 Rab8 30. Kf1 g6 31. Ke2 Ke8 32. Kd3 Rd7 33. R7c2 h5 34.
f4 Bd8 35. h3 Bb6 36. g4 hxg4 37. hxg4 Ke7 38. Rh1 Rc7 39. Rxc7+ Bxc7 40. Rh7
Rf8 41. Nf3 Bb6 42. Ng5 Ke8 43. Rg7 Bf2 44. e6 fxe6 45. Nxe6 Rf6 46. f5 gxf5 47.
gxf5 Rxf5 48. Rxb7 Rf3+ 49. Kd2 Re3 50. Nc7+ Kd7 51. Nxd5+ Kc6 52. Rf7 Kxd5 53.
Rxf2 Re4 54. Kc3 Rc4+ 55. Kb3 Rc6 56. Rf5+ Ke6 57. Rh5 Kd7 58. Ka4 Kc7 59. b4
Kb6 60. Kb3 Rd6 61. Kc4 Rf6 62. Rd5 Rf4+ 63. Kb3 Rf3+ 64. Ka4 Rf6 65. Rh5 Rd6
66. Rh3 Re6 67. Kb3 Rc6 68. a4 Rd6 69. a5+ Kc6 70. Rh8 Kb7 71. Kc4 Rc6+ 72. Kd5
Rg6 73. Rh7+ Kb8 74. Rh8+ Kb7 75. Rh7+ Kb8 76. Rh5 Kb7 77. Re5 Ka7 78. Kc5 Kb7
79. Re7+ Kb8 80. Rd7 Kc8 81. Ra7 Kb8 82. Rd7 Kc8 83. Rd6 Rxd6 84. Kxd6 Kb7 85.
Kd7 Kb8 86. Kc6 Ka7 87. Kc7 Ka8 88. Kb6 1-0

[Event "London Classic Open 2017"]
[Site "London ENG"]
[Date "2017.12.05"]
[Round "5.110"]
[White "Wilks, Simon"]
[Black "De Paolis, Fabrizio"]
[Result "1-0"]
[WhiteElo "2022"]
[BlackElo "1763"]
[WhiteFideId "427357"]
[BlackFideId "822027"]
[EventDate "2017.12.02"]

1. e4 c6 2. d4 d5 3. Nc3 dxe4 4. Nxe4 Bf5 5. Ng3 Bg6 6. h4 h6 7. Nf3 Nd7 8. h5
Bh7 9. Bd3 Bxd3 10. Qxd3 e6 11. Bd2 Ngf6 12. O-O-O Be7 13. Qe2 Rc8 14. Ne5 c5
15. Be3 Qa5 16. Nxd7 Nxd7 17. Kb1 O-O 18. d5 exd5 19. Bxh6 Bf6 20. Bc1 Rfe8 21.
Qf3 Nb6 22. h6 Nc4 23. hxg7 Bxg7 24. Nf5 Bf6 25. Qg4+ Kf8 26. Bh6+ 1-0

[Event "London Classic Open 2017"]
[Site "London ENG"]
[Date "2017.12.05"]
[Round "5.111"]
[White "Pollack, Oscar"]
[Black "Mc Aleenan, Charles"]
[Result "1/2-1/2"]
[WhiteElo "2014"]
[BlackElo "1762"]
[WhiteFideId "429414"]
[BlackFideId "2461617"]
[EventDate "2017.12.02"]

1. e4 d5 2. exd5 Qxd5 3. Nf3 Bg4 4. Be2 Nc6 5. d4 O-O-O 6. c4 Qf5 7. Be3 Bxf3 8.
Bxf3 Nxd4 9. Bxd4 Qe6+ 10. Be2 Qe4 11. O-O Qxd4 12. Qa4 Qb6 13. Nc3 Qa6 14. Qxa6
bxa6 15. c5 c6 16. Bxa6+ Kc7 17. Rfd1 Rxd1+ 18. Rxd1 Nf6 19. b4 e6 20. Kf1 Nd5
21. Nxd5+ exd5 22. Re1 Kd7 23. Bd3 g6 24. a4 Be7 25. b5 Bxc5 26. Rc1 Kd6 27.
bxc6 Kxc6 28. Bb5+ Kd6 29. Ke2 f6 30. Kd3 Rf8 31. f4 Rf7 32. f5 g5 33. Rf1 h5
34. Be8 Re7 35. Bxh5 Re3+ 36. Kd2 a5 37. Rb1 Ra3 38. Bd1 Bb4+ 39. Ke2 Rc3 40.
Kf1 Ke5 41. g4 d4 42. Rb3 Rc1 43. Ke2 Kf4 44. h3 Rc3 45. Kf2 Re3 46. Rxe3 dxe3+
47. Kg2 Be1 48. Be2 Ke4 49. Bb5 Kd4 50. Kf3 Bf2 51. Bf1 Be1 52. Ke2 Bf2 53. Bg2
Kc3 54. Kf3 Kd4 55. Bf1 1/2-1/2

[Event "London Classic Open 2017"]
[Site "London ENG"]
[Date "2017.12.05"]
[Round "5.112"]
[White "Robinson, James"]
[Black "Stoyanov, Viktor"]
[Result "0-1"]
[WhiteElo "1754"]
[BlackElo "1950"]
[WhiteFideId "426784"]
[BlackFideId "450308"]
[EventDate "2017.12.02"]

1. d4 Nf6 2. Nf3 g6 3. b3 Bg7 4. Bb2 O-O 5. e3 d6 6. Be2 Nbd7 7. O-O c5 8. c4 a6
9. Qc2 Qc7 10. Nbd2 cxd4 11. exd4 b6 12. Rac1 Bb7 13. Rfe1 Rac8 14. Bd3 Rfe8 15.
h3 e5 16. Ng5 Nh5 17. d5 Nf4 18. Ba3 Nc5 19. Bf1 h6 20. Nge4 Rcd8 21. Nxc5 bxc5
22. g3 Nh5 23. Bb2 Bc8 24. Kh2 f5 25. Nf3 Kh7 26. Nh4 Qf7 27. Bc3 Bf6 28. Ng2
Bg5 29. Bd2 f4 30. g4 Ng7 31. f3 h5 32. Bd3 hxg4 33. hxg4 Rh8 34. Rh1 Kg8+ 35.
Kg1 Rxh1+ 36. Kxh1 Kh7 37. Kg1 Qf6 38. Be1 Rh8 39. a3 Ne8 40. Kf2 Kg7 41. b4 Rh3
42. bxc5 dxc5 43. Bc3 Bh4+ 44. Kg1 Rxf3 45. Qe2 Bf2+ 46. Kh2 Bxg4 0-1

[Event "London Classic Open 2017"]
[Site "London ENG"]
[Date "2017.12.05"]
[Round "5.113"]
[White "Everett, Joe"]
[Black "Islam, Mohammed"]
[Result "1-0"]
[WhiteElo "1922"]
[BlackElo "1731"]
[WhiteFideId "443204"]
[BlackFideId "10211870"]
[EventDate "2017.12.02"]

1. d4 d5 2. c4 e5 3. dxe5 d4 4. Nf3 Nc6 5. g3 Nge7 6. Bg2 Ng6 7. O-O Be7 8. b3
Ngxe5 9. Nxe5 Nxe5 10. Bb2 c5 11. e3 Bf6 12. exd4 cxd4 13. Kh1 O-O 14. Qxd4 Qc7
15. Nc3 Be6 16. Ne4 Nd7 17. Nxf6+ Nxf6 18. Qe5 Qb6 19. Qf4 Bd7 20. Bxf6 gxf6 21.
Rad1 Rad8 22. Rd6 Qa5 23. h4 1-0

[Event "London Classic Open 2017"]
[Site "London ENG"]
[Date "2017.12.05"]
[Round "5.114"]
[White "Phillips, Owen S"]
[Black "Lovell, William Pm"]
[Result "1/2-1/2"]
[WhiteElo "1912"]
[BlackElo "1688"]
[WhiteFideId "417882"]
[BlackFideId "431060"]
[EventDate "2017.12.02"]

1. e4 c6 2. d4 d5 3. Nd2 dxe4 4. Nxe4 Bf5 5. Ng3 Bg6 6. f4 e6 7. h4 h6 8. h5 Bh7
9. Nf3 Nd7 10. Bd3 Bxd3 11. Qxd3 Ngf6 12. Bd2 Qc7 13. Ne5 Nxe5 14. fxe5 Nd5 15.
O-O-O O-O-O 16. Rh4 Kb8 17. Kb1 1/2-1/2

[Event "London Classic Open 2017"]
[Site "London ENG"]
[Date "2017.12.05"]
[Round "5.115"]
[White "Marcos Herrero, Francisco"]
[Black "Dror, Levi"]
[Result "1-0"]
[WhiteElo "1897"]
[BlackElo "1677"]
[WhiteFideId "2279045"]
[BlackFideId "2809583"]
[EventDate "2017.12.02"]

1. Nf3 Nf6 2. c4 g6 3. b4 Bg7 4. Bb2 O-O 5. g3 c6 6. Bg2 Na6 7. a3 Nc7 8. O-O d5
9. cxd5 cxd5 10. d3 Bg4 11. Nbd2 Rc8 12. Rc1 Nd7 13. Bxg7 Kxg7 14. h3 Bxf3 15.
Nxf3 e6 16. Rc2 Qf6 17. Qc1 Nb6 18. Rxc7 1-0

[Event "London Classic Open 2017"]
[Site "London ENG"]
[Date "2017.12.05"]
[Round "5.116"]
[White "Fuglesang, Michael W."]
[Black "Balaji, Aaravamudhan"]
[Result "0-1"]
[WhiteElo "1739"]
[BlackElo "1884"]
[WhiteFideId "1525077"]
[BlackFideId "436224"]
[EventDate "2017.12.02"]

1. d4 Nf6 2. c4 g6 3. Nc3 Bg7 4. e4 d6 5. h3 O-O 6. Be3 Nbd7 7. Nf3 c6 8. b4 e5
9. d5 Qc7 10. Rc1 c5 11. a3 a6 12. g4 h5 13. Nd2 hxg4 14. hxg4 Nh7 15. Qf3 g5
16. bxc5 dxc5 17. Qh3 Ndf6 18. d6 Qxd6 19. Nd5 Bxg4 20. Qh2 Bh5 21. Nxf6+ Nxf6
22. Bxg5 Bg6 23. f3 Nh5 24. Bh3 Nf4 25. Bf5 Nd3+ 26. Kd1 Nxc1 27. Qh7+ Bxh7 28.
Bxh7+ Kh8 29. Bg6+ Bh6 30. Bf5 Kg7 31. Bxh6+ Qxh6 32. Rxh6 Kxh6 0-1

[Event "London Classic Open 2017"]
[Site "London ENG"]
[Date "2017.12.05"]
[Round "5.117"]
[White "Sarvesh, Kumar A"]
[Black "Sheedy, Shane"]
[Result "0-1"]
[WhiteElo "1877"]
[BlackElo "1620"]
[WhiteFideId "35019236"]
[BlackFideId "2507536"]
[EventDate "2017.12.02"]

1. e4 c5 2. Nf3 g6 3. d4 cxd4 4. Nxd4 Bg7 5. c4 Nc6 6. Be3 Nf6 7. Nc3 O-O 8. Be2
d6 9. O-O Bd7 10. f3 Qb6 11. Na4 Qa5 12. Nxc6 bxc6 13. Nc3 c5 14. Qd2 Rfb8 15.
Rfb1 Ne8 16. f4 Rxb2 17. Qxb2 Bxc3 18. Qc1 Nf6 19. Bf3 Bc6 20. e5 Bxf3 21. exf6
Bc6 22. Bf2 Bxa1 23. Rxa1 exf6 24. Qb2 Qd8 25. Rd1 f5 26. Bxc5 Rb8 27. Qd2 Ba4
28. Bxa7 Ra8 29. Bd4 Bxd1 30. Qxd1 Rxa2 31. Bf2 Qa8 0-1

[Event "London Classic Open 2017"]
[Site "London ENG"]
[Date "2017.12.05"]
[Round "5.118"]
[White "Ainsworth, George"]
[Black "Rushbrooke, Remy"]
[Result "0-1"]
[WhiteElo "1734"]
[BlackElo "1864"]
[WhiteFideId "449636"]
[BlackFideId "443590"]
[EventDate "2017.12.02"]

1. e4 e5 2. Nf3 Nf6 3. d4 Nxe4 4. Bd3 d5 5. dxe5 Be7 6. O-O O-O 7. Re1 Bf5 8.
Nbd2 Nd7 9. Nxe4 dxe4 10. Bxe4 Bxe4 11. Rxe4 Nxe5 12. Qxd8 Nxf3+ 13. gxf3 Bxd8
14. Bf4 Bf6 15. c3 c6 16. Kf1 g6 17. Rae1 Rad8 18. Bh6 Bg7 19. Bxg7 Kxg7 20. Re7
Rd3 21. Rxb7 Rxf3 22. Rxa7 Rd8 23. Kg2 Rf4 24. Re2 Rd5 25. Kg3 g5 26. b3 Rd3+
27. Re3 Rd2 28. Rf3 Rxf3+ 29. Kxf3 Rd3+ 30. Kg2 Rxc3 31. Rb7 g4 32. a4 Kg6 33.
Rb4 f5 34. a5 c5 35. Rb6+ Kg5 36. a6 Rc1 37. a7 Ra1 38. Rb7 h5 39. Rg7+ Kf6 40.
Rh7 Kg6 41. Rc7 h4 42. Rxc5 f4 43. Rc6+ Kf5 44. Rc5+ Ke6 45. h3 f3+ 46. Kh2 g3+
47. fxg3 Ra2+ 48. Kg1 hxg3 49. Rc1 Rxa7 50. Rf1 Rf7 51. b4 Ke5 52. Rb1 Rd7 53.
b5 Rd2 54. b6 Rg2+ 55. Kh1 Rh2+ 56. Kg1 f2+ 57. Kf1 Rh1+ 0-1

[Event "London Classic Open 2017"]
[Site "London ENG"]
[Date "2017.12.05"]
[Round "5.119"]
[White "Lochte, Szilvia"]
[Black "Thatte, Nishchal"]
[Result "1-0"]
[WhiteElo "1850"]
[BlackElo "1617"]
[WhiteFideId "708410"]
[BlackFideId "447234"]
[EventDate "2017.12.02"]

1. d4 d5 2. Bf4 c5 3. e3 Nf6 4. c3 Nc6 5. Nd2 Bf5 6. Qb3 Qb6 7. dxc5 Qxc5 8.
Qxb7 Rc8 9. Nb3 Qb6 10. Qxb6 axb6 11. Ba6 Rd8 12. Bc7 Rd7 13. Bxb6 Rd6 14. Bc5
Rd8 15. Bb5 Bd7 16. Nf3 e6 17. Bxf8 Rxf8 18. Nc5 Rc8 19. a4 Ne5 20. Nxd7 Nexd7
21. O-O Ke7 22. Rfc1 Nc5 23. Rd1 Ra8 24. Ne5 Kd6 25. Nd3 Nb7 26. f3 Ra7 27. e4
dxe4 28. fxe4 Nxe4 29. Nf2+ Ke5 30. Nxe4 Kxe4 31. Bc6+ Ke5 32. Rd7 Rb8 33. Re1+
Kf6 34. Rf1+ Kg6 35. Rfxf7 Kh6 36. Rxg7 Ra6 37. Rxh7+ Kg6 38. Be4+ Kf6 39. Rxb7
Rb6 40. Rxb8 Rxb8 41. b4 Rc8 42. Rh3 Ke5 43. Bc2 Rd8 44. Re3+ Kf6 45. Rd3 Rc8
46. a5 Ra8 47. c4 Rc8 48. Bb3 Ke5 49. b5 Ra8 50. a6 Ke4 51. Rd7 Rf8 52. a7 Ke3
53. b6 Ke2 54. h3 Rf1+ 55. Kh2 Ra1 56. Rd8 e5 57. a8=Q Rxa8 58. Rxa8 e4 59. b7
Kf2 60. b8=Q e3 61. Qg3+ Kf1 62. Ra2 e2 63. Ra1+ e1=Q 64. Qf3# 1-0

[Event "London Classic Open 2017"]
[Site "London ENG"]
[Date "2017.12.05"]
[Round "5.120"]
[White "Dias, Savin"]
[Black "De Lagontrie, Jean"]
[Result "1/2-1/2"]
[WhiteElo "1723"]
[BlackElo "1823"]
[WhiteFideId "442399"]
[BlackFideId "605271"]
[EventDate "2017.12.02"]

1. e4 c5 2. Nf3 Nc6 3. Bb5 g6 4. O-O Bg7 5. c3 Nh6 6. d4 cxd4 7. cxd4 Qb6 8. Nc3
O-O 9. Ba4 d6 10. h3 Kh8 11. Nd5 Qd8 12. Be3 e6 13. Nc3 Ne7 14. Qd2 Nhg8 15. Nh2
f5 16. f3 a6 17. d5 e5 18. b4 b5 19. Bc2 f4 20. Bf2 Bd7 21. a4 Qc7 22. Rfc1 Qb7
23. a5 h5 24. Ne2 g5 25. g4 h4 26. Bd3 Rac8 27. Rxc8 Rxc8 28. Rc1 Bf6 29. Rc2
Rxc2 30. Bxc2 Nc8 31. Kg2 Bd8 32. Qc3 Kh7 33. Bb1 Nf6 34. Qc2 Ng8 35. Nc1 Qc7
36. Qxc7 Bxc7 37. Nf1 Nf6 38. Ne2 Kg6 39. Nc3 Kf7 40. Bd3 Ke7 41. Nd2 Ne8 42.
Ndb1 Bb8 43. Na3 Nc7 44. Bg1 Ba7 45. Bxa7 Nxa7 46. Bf1 Kd8 47. Kf2 Kc8 48. Nc2
Kb7 49. Bd3 Be8 50. Ne1 Bg6 51. Bc2 Nc8 52. Na2 Ne7 53. Bb3 Ng8 54. Ng2 Nf6 55.
Nc3 Ka7 56. Ne1 Be8 57. Ng2 Bd7 58. Ne1 Ng8 59. Ng2 Nh6 60. Ne1 Ne8 61. Na2 Nf6
62. Bd1 Kb7 1/2-1/2

[Event "London Classic Open 2017"]
[Site "London ENG"]
[Date "2017.12.05"]
[Round "5.121"]
[White "Neatherway, A Philip"]
[Black "Parry, Jacques"]
[Result "1-0"]
[WhiteElo "1806"]
[BlackElo "1596"]
[WhiteFideId "418854"]
[BlackFideId "425923"]
[EventDate "2017.12.02"]

1. e4 c5 2. Nf3 Nc6 3. d4 cxd4 4. Nxd4 g6 5. Bc4 Bg7 6. Be3 Nf6 7. Nc3 O-O 8.
Bb3 d5 9. exd5 Na5 10. d6 Nxb3 11. Nxb3 b6 12. Qf3 Bg4 13. Qb7 Qxd6 14. h3 Rfb8
15. Qa6 Be6 16. O-O Bc8 17. Qe2 Bb7 18. Rfd1 Qc6 19. f3 Rd8 20. Nd4 Qc8 21. Ndb5
Nd5 22. Bd4 Nxc3 23. Bxc3 Qc5+ 24. Kh1 e5 25. Nxa7 Rxd1+ 26. Rxd1 Qe7 27. Nb5
Ba6 28. a4 Re8 29. Qf2 Bxb5 30. axb5 e4 31. fxe4 Bxc3 32. bxc3 Qxe4 33. Rf1 Qe6
34. Qd4 Qe2 35. Qd3 Qe6 36. c4 Rc8 37. Rf4 Qe1+ 38. Kh2 Qe5 39. Qe4 Qc7 40. g3
Rd8 41. Qe2 Qd7 42. Qf2 Qc7 43. Rd4 Re8 44. Kg2 Qe5 45. Rf4 Qc7 46. Qf3 Qd7 47.
Qd5 Re2+ 48. Kf3 Re7 49. Qxd7 Rxd7 50. Rf6 Rd2 51. Rxb6 Rxc2 52. Rc6 Kf8 53. b6
Rb2 54. c5 Ke8 55. Rc7 Kd8 56. Rxf7 1-0

[Event "London Classic Open 2017"]
[Site "London ENG"]
[Date "2017.12.05"]
[Round "5.122"]
[White "Lie, Terje"]
[Black "Mugalu, Hassan"]
[Result "0-1"]
[WhiteElo "1527"]
[BlackElo "1798"]
[WhiteFideId "1504916"]
[BlackFideId "451533"]
[EventDate "2017.12.02"]

1. d4 Nf6 2. c4 e6 3. Nf3 Bb4+ 4. Bd2 Be7 5. Nc3 d5 6. cxd5 exd5 7. e3 Bf5 8.
Be2 O-O 9. O-O c6 10. Ne5 Nbd7 11. Ng4 Re8 12. a3 Bd6 13. Re1 Ne4 14. Nxe4 Rxe4
15. f4 Qh4 16. Bf3 Re6 17. g3 Qe7 18. b4 Rg6 19. Ne5 Bxe5 20. dxe5 Nb6 21. Bh5
Rh6 22. Bg4 Be4 23. Bf3 Bf5 24. Bc3 Rd8 25. Bd4 Nc4 26. Be2 b5 27. Bd3 Bh3 28.
Qe2 Qd7 29. Qf2 Re8 30. Bf1 Bf5 31. a4 a6 32. axb5 axb5 33. Ra7 Qe6 34. Rea1 Rg6
35. Ra8 h5 36. Rxe8+ Qxe8 37. Ra7 h4 38. Bg2 hxg3 39. hxg3 Be4 40. Bxe4 dxe4 41.
Qg2 Qc8 42. Kf2 Nd2 43. Ra1 Qe6 44. Ra8+ Kh7 45. Ra7 Rh6 46. g4 Nf3 47. f5 Qc4
48. Kg3 Nxd4 49. exd4 Qxd4 50. Re7 Qe3+ 0-1

[Event "London Classic Open 2017"]
[Site "London ENG"]
[Date "2017.12.05"]
[Round "5.123"]
[White "Jekel, Wolfgang"]
[Black "McManus, Gordon"]
[Result "1-0"]
[WhiteElo "1787"]
[BlackElo "1470"]
[WhiteFideId "4690370"]
[BlackFideId "432857"]
[EventDate "2017.12.02"]

1. Nf3 f5 2. g3 Nf6 3. Bg2 g6 4. O-O Bg7 5. d3 O-O 6. Nbd2 d6 7. e4 fxe4 8. dxe4
e5 9. c3 Nc6 10. Re1 Qe7 11. h3 Kh8 12. Qc2 Bd7 13. Kh2 Rae8 14. Nf1 Qd8 15. Bg5
Qc8 16. Rad1 Nd8 17. Ne3 Ne6 18. Bxf6 Bxf6 19. Nd5 Bg7 20. Qe2 Bc6 21. h4 Qd8
22. Nb4 Bd7 23. Nd5 Bc6 24. Nb4 Bd7 25. Nc2 Rf7 26. Rf1 Ref8 27. Ne3 a6 28. b3
Bb5 29. c4 Bd7 30. Nd5 Qc8 31. Ng5 Nxg5 32. hxg5 Bg4 33. f3 Be6 34. Rd3 Bd7 35.
Qe3 Be6 36. c5 Bxd5 37. Rxd5 dxc5 38. Qxc5 c6 39. Rd3 Rd8 40. Rfd1 Rfd7 41. Rxd7
Rxd7 42. Bh3 1-0

[Event "London Classic Open 2017"]
[Site "London ENG"]
[Date "2017.12.05"]
[Round "5.125"]
[White "Zhao, Haolin"]
[Black "Levy, Christopher A"]
[Result "1-0"]
[WhiteElo "1715"]
[BlackElo "1526"]
[WhiteFideId "428680"]
[BlackFideId "431320"]
[EventDate "2017.12.02"]

1. e4 e6 2. d4 d5 3. Nd2 dxe4 4. Nxe4 Bd7 5. Nf3 Bc6 6. Bd3 Nd7 7. O-O Ngf6 8.
Re1 Bxe4 9. Bxe4 Nxe4 10. Rxe4 Nf6 11. Re1 Be7 12. c3 O-O 13. Bf4 c5 14. Qc2
cxd4 15. Nxd4 Nd5 16. Bg3 Bd6 17. Bxd6 Qxd6 18. Rad1 Qb6 19. Nf5 Qc5 20. Re5 Qc7
21. Rdxd5 exd5 22. Ne7+ Kh8 23. Qxh7+ 1-0

[Event "London Classic Open 2017"]
[Site "London ENG"]
[Date "2017.12.05"]
[Round "5.126"]
[White "Voiculescu-Holvad, Stefan"]
[Black "Perez Bolanos, David"]
[Result "1/2-1/2"]
[WhiteElo "1671"]
[BlackElo "1496"]
[WhiteFideId "20692005"]
[BlackFideId "24564400"]
[EventDate "2017.12.02"]

1. c4 Nf6 2. g3 e6 3. Bg2 d5 4. d4 Bb4+ 5. Bd2 Be7 6. Nf3 c6 7. Qb3 b6 8. cxd5
cxd5 9. Nc3 O-O 10. Rc1 Bb7 11. O-O Nc6 12. Nb5 a6 13. Na3 Rc8 14. e3 Ne4 15.
Bc3 Nxc3 16. bxc3 Na5 17. Qb2 Bxa3 18. Qxa3 Nc4 19. Qb3 Qd6 1/2-1/2

[Event "London Classic Open 2017"]
[Site "London ENG"]
[Date "2017.12.05"]
[Round "5.127"]
[White "Haynes, Noah"]
[Black "Haddock, Paul"]
[Result "1-0"]
[WhiteElo "1535"]
[BlackElo "1576"]
[WhiteFideId "1543172"]
[BlackFideId "419150"]
[EventDate "2017.12.02"]

1. d4 Nf6 2. c4 g6 3. Nc3 Bg7 4. g3 d6 5. Bg2 O-O 6. Nf3 c5 7. d5 Na6 8. O-O Nc7
9. e4 Rb8 10. a4 a6 11. a5 b5 12. axb6 Rxb6 13. Qc2 Bg4 14. Bd2 Qb8 15. Ra2 Nd7
16. Nh4 Ne5 17. Na4 Rb7 18. f4 Be2 19. fxe5 Bxf1 20. exd6 exd6 21. Bxf1 Re8 22.
Bh3 Re7 23. Bc3 Bxc3 24. Nxc3 Rb4 25. Qf2 Rxc4 26. Qf6 Qd8 27. Bf1 Rb4 28. Bxa6
Ne8 29. Qf2 Ra7 30. Bc4 Rab7 31. Qe2 Qg5 32. Nd1 Qc1 33. Bd3 c4 34. Qc2 Qxc2 35.
Bxc2 Nf6 36. h3 Re7 37. Nf2 Reb7 38. Nd1 Nd7 39. Ra4 Nc5 40. Rxb4 Rxb4 41. Kf2
Kf8 42. Nf3 Ke7 43. Ke3 Na4 44. Nd4 1-0

[Event "London Classic Open 2017"]
[Site "London ENG"]
[Date "2017.12.05"]
[Round "5.128"]
[White "Perez Bolanos, Joel"]
[Black "Lee, Kyung Chan"]
[Result "0-1"]
[WhiteElo "1519"]
[BlackElo "1552"]
[WhiteFideId "24564419"]
[BlackFideId "13205048"]
[EventDate "2017.12.02"]

1. e4 e5 2. Nf3 Nc6 3. Bc4 Nf6 4. d3 Bc5 5. Nc3 d6 6. Bg5 h6 7. Bh4 g5 8. Bg3
Bg4 9. h4 Rg8 10. Qd2 Bxf3 11. gxf3 Nd4 12. O-O-O Nxf3 13. Qe2 g4 14. h5 Qd7 15.
Bh4 Nxh4 16. Rxh4 O-O-O 17. Qd2 Rg5 18. Rf1 Rdg8 19. a3 c6 20. Na4 Bb6 21. Nxb6+
axb6 22. f4 gxf3 23. Qe3 d5 24. exd5 Nxd5 25. Bxd5 Qxd5 26. Qxf3 Qxf3 27. Rxf3
f5 28. Rh2 Kd7 29. Kd2 Ke6 30. Ke3 f4+ 31. Ke4 c5 32. c3 Rg1 33. Re2 R8g2 34.
Rff2 Rxf2 35. Rxf2 Re1+ 36. Kf3 Re3+ 37. Kg2 Rxd3 38. Kf1 Kf5 39. Rg2 Rd1+ 40.
Kf2 Rd2+ 41. Kf3 e4# 0-1

[Event "London Classic Open 2017"]
[Site "London ENG"]
[Date "2017.12.05"]
[Round "5.129"]
[White "Munkhdemberel, Pagamdulam"]
[Black "Volovich, Julia"]
[Result "1/2-1/2"]
[WhiteElo "1175"]
[BlackElo "1546"]
[WhiteFideId "4907043"]
[BlackFideId "447099"]
[EventDate "2017.12.02"]

1. e4 e6 2. d4 d5 3. e5 c5 4. dxc5 Bxc5 5. Bd3 Nc6 6. Nf3 Qc7 7. Qe2 Nge7 8. O-O
Bd7 9. Re1 h6 10. h3 O-O 11. Nc3 Nd4 12. Nxd4 Bxd4 13. Nb5 Bxb5 14. Bxb5 Ng6 15.
c3 Bxe5 16. Bd3 Nf4 17. Bxf4 Bxf4 18. c4 dxc4 19. Bxc4 Bd2 20. Qxd2 Qxc4 21. b3
Qc6 22. Rac1 Qb6 23. Re3 Rfd8 24. Qb2 Rd4 25. Rg3 f6 26. Qc2 f5 27. Qe2 Re4 28.
Qd2 g5 29. Rgc3 Rd8 30. Qxd8+ Qxd8 31. Rc8 Re1+ 32. Kh2 Rd1 33. Rxd8+ Rxd8 34.
Rc7 Rd2 35. Rxb7 Rxa2 36. Re7 Rxf2 37. Rxe6 Rb2 38. Rxh6 Kg7 39. Ra6 Rxb3 40.
Rxa7+ Kg6 41. Ra6+ Kh5 42. Ra5 f4 43. Ra7 Rb2 44. Ra3 Re2 45. Kg1 Kh4 46. Kh2
Kh5 47. Rb3 Re3 48. Rxe3 fxe3 49. Kg3 e2 50. Kf2 Kh4 51. Kxe2 Kg3 52. Kf1 g4 53.
hxg4 Kxg4 54. Kf2 Kf4 55. g3+ Kg4 56. Kg2 Kg5 57. Kf3 Kf5 58. g4+ Kg5 59. Kg3
Kg6 60. Kf4 Kf6 61. g5+ Kg6 62. Kg4 Kg7 63. Kf5 Kf7 64. g6+ Kg7 65. Kg5 Kg8 66.
Kf6 Kf8 67. g7+ Kg8 68. Kg6 1/2-1/2

[Event "London Classic Open 2017"]
[Site "London ENG"]
[Date "2017.12.06"]
[Round "6.1"]
[White "Vakhidov, Jakhongir"]
[Black "Melkumyan, Hrant"]
[Result "1/2-1/2"]
[WhiteTitle "GM"]
[BlackTitle "GM"]
[WhiteElo "2500"]
[BlackElo "2633"]
[WhiteFideId "14201801"]
[BlackFideId "13302485"]
[EventDate "2017.12.02"]

1. c4 e6 2. g3 d5 3. Bg2 Nf6 4. Nf3 Be7 5. O-O O-O 6. Ne5 Nbd7 7. d4 c6 8. b3
Nxe5 9. dxe5 Nd7 10. Bb2 b6 11. Nd2 Ba6 12. Rc1 Rc8 13. Qc2 b5 14. cxd5 cxd5 15.
Qb1 Qa5 16. Nf3 b4 17. Rfe1 Qb6 18. Bd4 Qb8 19. Qb2 Bb5 20. Qd2 a5 21. Bb2 Rxc1
22. Rxc1 Rc8 23. Nd4 Rxc1+ 24. Qxc1 Nc5 25. Nxb5 1/2-1/2

[Event "London Classic Open 2017"]
[Site "London ENG"]
[Date "2017.12.06"]
[Round "6.2"]
[White "Hawkins, Jonathan"]
[Black "Cornette, Matthieu"]
[Result "1-0"]
[WhiteTitle "GM"]
[BlackTitle "GM"]
[WhiteElo "2579"]
[BlackElo "2606"]
[WhiteFideId "412686"]
[BlackFideId "620084"]
[EventDate "2017.12.02"]

1. d4 Nf6 2. c4 e6 3. Nc3 Bb4 4. Qc2 d5 5. cxd5 exd5 6. Bg5 h6 7. Bh4 c5 8. dxc5
g5 9. Bg3 Ne4 10. e3 Qa5 11. Ne2 Bf5 12. Be5 O-O 13. Nd4 Re8 14. Bxb8 Nxc3 15.
Qxf5 Ne4+ 16. Kd1 Raxb8 17. Bd3 Bxc5 18. Nb3 Qb6 19. Ke2 Bf8 20. h4 Bg7 21. hxg5
Re5 22. Qf3 hxg5 23. Rh3 Rbe8 24. Kf1 a5 25. Kg1 R5e6 26. Qf5 a4 27. Nd4 Bxd4
28. exd4 Qxd4 29. Bb5 R8e7 30. Rc1 Nd6 31. Qxg5+ Qg7 32. Qxd5 Qxb2 33. Rcc3 Ne4
34. Qd8+ Re8 35. Bxe8 Qxf2+ 36. Kh2 Qf4+ 37. Rcg3+ 1-0